[Event "Fr. Lopez Sleeps with the Fishes (No 1..e5/1..c5)"]
[Site "SchemingMind.com"]
[Date "2008.04.22"]
[Round "-"]
[White "Mekk"]
[Black "C. H. O'D. Schlechter"]
[Result "0-1"]
[WhiteCountry "POL"]
[BlackCountry "USA"]
[WhiteElo "1948"]
[WhiteRD "69"]
[BlackElo "2428"]
[BlackRD "73"]
[GameID "151175"]

1. e4 d6 2. d4 Nf6 3. Nc3 g6 4. Nf3 Bg7 5. Bc4 O-O 6. O-O Bg4 7. h3 Bxf3 8. Qxf3 Nc6 9. Ne2 Na5 10. Bd3 c5
11. c3 Nc6 12. Bf4 cxd4 13. cxd4 Nd7 14. Be3 Nde5 15. dxe5 Nxe5 16. Qg3 Nxd3 17. b3 Be5 18. f4 Bxa1 19. Rxa1 Qa5 20. f5 Qe5
21. Qf3 Qxa1+
0-1

[Event "Fr. Lopez Sleeps with the Fishes (No 1..e5/1..c5)"]
[Site "SchemingMind.com"]
[Date "2008.04.22"]
[Round "-"]
[White "C. H. O'D. Schlechter"]
[Black "Mekk"]
[Result "1-0"]
[WhiteCountry "USA"]
[BlackCountry "POL"]
[WhiteElo "2428"]
[WhiteRD "73"]
[BlackElo "1948"]
[BlackRD "69"]
[GameID "151176"]

1. e4 e6 2. d4 d5 3. e5 c5 4. c3 Nc6 5. Nf3 a6 6. Be2 b5 7. O-O Nge7 8. dxc5 Ng6 9. b4 Ngxe5 10. Nbd2 Be7
11. a4 Rb8 12. axb5 axb5 13. Nxe5 Nxe5 14. Nb3 Nc6 15. Bf4 e5 16. Na5 Nxa5 17. Bxe5 Nc6 18. Bxb8 Nxb8 19. Ra8 Bb7 20. Bxb5+ Kf8
21. Ra7 Bc6 22. Qa4 Bxb5 23. Qxb5 g6 24. Re1 Bf6 25. Qb7 Nd7 26. Qxd7 Qxd7 27. Rxd7 Bxc3 28. Rd8+ Kg7 29. Rxh8 Kxh8 30. Re8+ Kg7
31. c6
1-0

[Event "Fr. Lopez Sleeps with the Fishes (No 1..e5/1..c5)"]
[Site "SchemingMind.com"]
[Date "2008.05.04"]
[Round "-"]
[White "Andreas Flato"]
[Black "C. H. O'D. Schlechter"]
[Result "0-1"]
[WhiteCountry "GER"]
[BlackCountry "USA"]
[WhiteElo "1820"]
[WhiteRD "63"]
[BlackElo "2415"]
[BlackRD "72"]
[GameID "152935"]

1. e4 e6 2. c3 d5 3. exd5 exd5 4. d4 Bd6 5. Be3 Nf6 6. Bd3 O-O 7. Nf3 Ng4 8. O-O Nxe3 9. fxe3 c5 10. Nbd2 Nc6
11. Kh1 c4 12. Bc2 f5 13. b3 b5 14. b4 a5 15. a3 Rf7 16. g3 g6 17. Rf2 Rfa7 18. Rb1 axb4 19. axb4 Ra3 20. Nf1 Rxc3
0-1

[Event "Fr. Lopez Sleeps with the Fishes (No 1..e5/1..c5)"]
[Site "SchemingMind.com"]
[Date "2008.05.05"]
[Round "-"]
[White "Andreas Flato"]
[Black "Mekk"]
[Result "1-0"]
[WhiteCountry "GER"]
[BlackCountry "POL"]
[WhiteElo "1796"]
[WhiteRD "62"]
[BlackElo "1948"]
[BlackRD "69"]
[GameID "152936"]

1. e4 e6 2. Nf3 d5 3. exd5 exd5 4. Be2 Bd6 5. O-O Ne7 6. d4 O-O 7. Be3 Bf5 8. c3 Nd7 9. Nbd2 c6 10. b3 Rc8
11. Nh4 a5 12. Nxf5 Nxf5 13. c4 Nxe3 14. fxe3 Nf6 15. Nf3 Re8 16. c5 Bb8 17. Bd3 Ne4 18. a3 Qc7 19. Qe1 Re6 20. Ne5 Rxe5
21. dxe5 Qxe5 22. Qh4 g6 23. Bxe4 dxe4 24. b4 f5 25. Rad1 axb4 26. Rd7 Qxh2+ 27. Qxh2 Bxh2+ 28. Kxh2 bxa3 29. Ra1 Ra8 30. Rxb7 a2
31. Kg1 Ra5 32. Kf2 h6 33. Rc7 Ra6 34. Rb7 Ra5 35. Rb2 Kf7 36. Raxa2 Rxc5 37. Rc2 Rxc2+ 38. Rxc2 Kf6 39. Rxc6+ Kg5 40. Kg3 h5
41. Rc5 h4+ 42. Kh3 Kh5 43. g3 hxg3 44. Kxg3 Kg5 45. Rc6 Kh5 46. Kf4 Kh6 47. Rc8 Kg7 48. Kg5
1-0

[Event "Fr. Lopez Sleeps with the Fishes (No 1..e5/1..c5)"]
[Site "SchemingMind.com"]
[Date "2008.05.06"]
[Round "-"]
[White "C. H. O'D. Schlechter"]
[Black "Andreas Flato"]
[Result "1-0"]
[WhiteCountry "USA"]
[BlackCountry "GER"]
[WhiteElo "2392"]
[WhiteRD "72"]
[BlackElo "1847"]
[BlackRD "66"]
[GameID "152937"]

1. e4 d6 2. d4 Nf6 3. Nc3 Nbd7 4. f4 Nb6 5. Nf3 g6 6. Bd3 Bg7 7. O-O O-O 8. a4 a5 9. Qe2 Bg4 10. Qf2 Re8
11. f5 Bxf3 12. Qxf3 c6 13. e5 dxe5 14. dxe5 Nfd5 15. fxg6 f6 16. Qh5 Nxc3 17. Qxh7+
1-0

[Event "Fr. Lopez Sleeps with the Fishes (No 1..e5/1..c5)"]
[Site "SchemingMind.com"]
[Date "2008.05.05"]
[Round "-"]
[White "Mekk"]
[Black "Andreas Flato"]
[Result "1-0"]
[WhiteCountry "POL"]
[BlackCountry "GER"]
[WhiteElo "1981"]
[WhiteRD "70"]
[BlackElo "1810"]
[BlackRD "65"]
[GameID "152938"]

1. e4 Nf6 2. e5 Nd5 3. d4 d6 4. Bc4 Nb6 5. Bb3 dxe5 6. Qh5 e6 7. dxe5 Be7 8. Nh3 h6 9. O-O Nc6 10. Rd1 Bd7
11. Bxe6 O-O 12. Bxd7 Nxd7 13. e6 Nf6 14. exf7+ Kh8 15. Qe2 Bd6 16. Nc3 Rxf7 17. Bf4 Rd7 18. Bxd6 Rxd6 19. Rxd6 Qxd6 20. Rd1 Qb4
21. Qb5 a6 22. Qxb4 Nxb4 23. Rd2 Re8 24. f3 Kg8 25. Kf2 Kf7 26. a3 Nc6= 27. Nf4 Ne5 28. Nd3 Nxd3+ 29. Rxd3 Ke7 30. Re3+ Kd7
31. Rxe8 Kxe8 32. g4 Kd7 33. Ke3 Ke6 34. h3 g5 35. f4 Nd7 36. f5+ Ke5 37. Ne2 Nf6 38. Ng3 Nd5+ 39. Kf3 Nf6 40. c3 b6=
41. Nf1 Nd5 42. Nd2 Nf4 43. h4 Nd3 44. hxg5 hxg5 45. b3 Nc5 46. Ke3 c6 47. Nf3+ Kf6 48. Nd4 b5 49. Nxc6 Nxb3 50. Nb4 a5
51. Nd5+ Kf7 52. Nc7
1-0

[Event "Fr. Lopez Sleeps with the Fishes (No 1..e5/1..c5)"]
[Site "SchemingMind.com"]
[Date "2008.05.04"]
[Round "-"]
[White "Dr_Pat"]
[Black "C. H. O'D. Schlechter"]
[Result "0-1"]
[WhiteCountry "USA"]
[BlackCountry "USA"]
[WhiteElo "1929"]
[WhiteRD "48"]
[BlackElo "2391"]
[BlackRD "69"]
[GameID "153309"]

1. e4 Nf6 2. e5 Nd5 3. d4 d6 4. c4 Nb6 5. f4 dxe5 6. fxe5 c5 7. d5 e6 8. Nc3 exd5 9. cxd5 c4 10. d6 Be6
11. Nf3 Nc6 12. Nb5 Rc8 13. Nc7+ Rxc7 14. dxc7 Qxc7 15. Bf4 Bc5 16. Ng5 Nd5 17. Nxe6 fxe6 18. Qh5+ g6 19. Qg4 Nxf4
0-1

[Event "Fr. Lopez Sleeps with the Fishes (No 1..e5/1..c5)"]
[Site "SchemingMind.com"]
[Date "2008.05.08"]
[Round "-"]
[White "Dr_Pat"]
[Black "Mekk"]
[Result "0-1"]
[WhiteCountry "USA"]
[BlackCountry "POL"]
[WhiteElo "1937"]
[WhiteRD "51"]
[BlackElo "1955"]
[BlackRD "67"]
[GameID "153310"]

1. e4 e6 2. d4 d5 3. e5 c5 4. c3 a6 5. Nf3 Nc6 6. Bd3 b5 7. dxc5 Bxc5 8. b4 Bb6 9. a4 bxa4 10. Qxa4 Bb7
11. Nbd2 Ne7 12. Nb3 O-O 13. Nc5 Bxc5 14. bxc5 Ng6 15. Bxg6 hxg6 16. O-O Qc7 17. Ng5 Qxe5
0-1

[Event "Fr. Lopez Sleeps with the Fishes (No 1..e5/1..c5)"]
[Site "SchemingMind.com"]
[Date "2008.05.03"]
[Round "-"]
[White "Dr_Pat"]
[Black "Andreas Flato"]
[Result "1-0"]
[WhiteCountry "USA"]
[BlackCountry "GER"]
[WhiteElo "1929"]
[WhiteRD "48"]
[BlackElo "1931"]
[BlackRD "93"]
[GameID "153311"]

1. e4 g6 2. d4 Bg7 3. Nc3 d6 4. Nf3 Bd7 5. Bc4 h6 6. h3 Nf6 7. e5 dxe5 8. dxe5 Nh7 9. O-O Nc6 10. Qe2 Qc8
11. Rd1 e6 12. Bf4 f5 13. exf6 Nxf6 14. Nb5 O-O 15. Nxc7 Rb8 16. Nxe6 Re8 17. Nc7+
1-0

[Event "Fr. Lopez Sleeps with the Fishes (No 1..e5/1..c5)"]
[Site "SchemingMind.com"]
[Date "2008.05.08"]
[Round "-"]
[White "C. H. O'D. Schlechter"]
[Black "Dr_Pat"]
[Result "1-0"]
[WhiteCountry "USA"]
[BlackCountry "USA"]
[WhiteElo "2392"]
[WhiteRD "72"]
[BlackElo "1992"]
[BlackRD "50"]
[GameID "153312"]

1. e4 Nf6 2. e5 Nd5 3. d4 d6 4. c4 Nb6 5. exd6 cxd6 6. Nc3 g6 7. Be3 Bg7 8. Rc1 O-O 9. b3 Nc6 10. d5 Ne5
11. Be2 f5 12. f4 Ng4 13. Bxg4 fxg4 14. Nge2 e5 15. dxe6 Bxe6 16. O-O Qe7 17. Bd4 Bh6 18. Qd2 Rad8 19. Nb5 Nc8 20. Bb2 Qf7
21. Rce1
1-0

[Event "Fr. Lopez Sleeps with the Fishes (No 1..e5/1..c5)"]
[Site "SchemingMind.com"]
[Date "2008.05.08"]
[Round "-"]
[White "Mekk"]
[Black "Dr_Pat"]
[Result "1-0"]
[WhiteCountry "POL"]
[BlackCountry "USA"]
[WhiteElo "1955"]
[WhiteRD "67"]
[BlackElo "1937"]
[BlackRD "51"]
[GameID "153313"]

1. e4 Nf6 2. e5 Nd5 3. d4 d6 4. Nf3 Bg4 5. c4 Nb6 6. Be2 e6 7. O-O Be7 8. Bf4 O-O 9. h3 Bxf3 10. Bxf3 dxe5
11. Bxe5 Nc6 12. Bxc6 bxc6 13. b3 f6 14. Bg3 f5 15. Be5 Nd7 16. f4 Nxe5 17. dxe5 Bc5+ 18. Kh2 Bd4 19. Na3
1-0

[Event "Fr. Lopez Sleeps with the Fishes (No 1..e5/1..c5)"]
[Site "SchemingMind.com"]
[Date "2008.05.03"]
[Round "-"]
[White "Andreas Flato"]
[Black "Dr_Pat"]
[Result "0-1"]
[WhiteCountry "GER"]
[BlackCountry "USA"]
[WhiteElo "1931"]
[WhiteRD "93"]
[BlackElo "1929"]
[BlackRD "48"]
[GameID "153314"]

1. e4 Nf6 2. Nc3 d5 3. exd5 Nxd5 4. Nxd5 Qxd5 5. d3 Nc6 6. Nf3 Bg4 7. Be2 O-O-O 8. h3 Bh5 9. Be3 e5 10. c4 Qa5+
11. Bd2 Bb4 12. O-O Bxf3 13. Bxb4 Bxe2 14. Bxa5 Bxd1
0-1

[Event "Fr. Lopez Sleeps with the Fishes (No 1..e5/1..c5)"]
[Site "SchemingMind.com"]
[Date "2008.05.04"]
[Round "-"]
[White "Toivop"]
[Black "C. H. O'D. Schlechter"]
[Result "1/2-1/2"]
[WhiteCountry "EST"]
[BlackCountry "USA"]
[WhiteElo "2237"]
[WhiteRD "91"]
[BlackElo "2428"]
[BlackRD "73"]
[GameID "153315"]

1. e4 d6 2. d4 Nf6 3. Nc3 g6 4. Be3 Bg7 5. Nf3 O-O 6. h3 c6 7. a4 Nbd7 8. a5 Qc7 9. Be2 e5 10. O-O Rd8
11. Qd2 exd4 12. Bxd4 Nc5 13. Qe3 Re8 14. Bxc5 dxc5 15. Bc4 h6 16. Nd2 Bf5 17. g4 Be6 18. Rfd1 Bd5 19. Bb3 Rad8 20. Qxc5 Bxe4
21. Ndxe4 Nxe4 22. Nxe4 Rxe4 23. Rxd8+ Qxd8 24. Qxa7 Bxb2 25. Rf1 Re7 26. Kg2 Rd7 27. Qb6 Qf6 28. Qe3 Kg7 29. f4 Bd4 30. Qd3 Rd8
31. Qg3 Bc3 32. f5 g5 33. Qc7 Rd2+ 34. Rf2 Rxf2+=
1/2-1/2

[Event "Fr. Lopez Sleeps with the Fishes (No 1..e5/1..c5)"]
[Site "SchemingMind.com"]
[Date "2008.05.08"]
[Round "-"]
[White "Toivop"]
[Black "Mekk"]
[Result "1-0"]
[WhiteCountry "EST"]
[BlackCountry "POL"]
[WhiteElo "2221"]
[WhiteRD "87"]
[BlackElo "1955"]
[BlackRD "67"]
[GameID "153316"]

1. e4 e6 2. d4 d5 3. Nc3 Nf6 4. e5 Nfd7 5. f4 a6 6. Nf3 c5 7. Be3 Nc6 8. a3 b5 9. Be2 b4 10. axb4 cxb4
11. Na4 a5 12. O-O Ba6 13. Bxa6 Rxa6 14. f5 Be7 15. fxe6 fxe6 16. Nd2 Rf8 17. Qh5+ g6 18. Qxh7 Ndxe5 19. dxe5 Nxe5 20. Nc5 Rc6
21. Ndb3 Qb6 22. Rxf8+
1-0

[Event "Fr. Lopez Sleeps with the Fishes (No 1..e5/1..c5)"]
[Site "SchemingMind.com"]
[Date "2008.05.03"]
[Round "-"]
[White "Toivop"]
[Black "Dr_Pat"]
[Result "1-0"]
[WhiteCountry "EST"]
[BlackCountry "USA"]
[WhiteElo "2164"]
[WhiteRD "91"]
[BlackElo "1929"]
[BlackRD "48"]
[GameID "153317"]

1. e4 Nf6 2. e5 Nd5 3. d4 d6 4. Nf3 Bg4 5. h3 Bxf3 6. Qxf3 dxe5 7. dxe5 e6 8. Nc3 c6 9. Nxd5 Qxd5 10. Bf4 Nd7
11. Qxd5 cxd5 12. O-O-O Bc5 13. f3 O-O 14. Kb1 f6 15. exf6 Rxf6 16. Bd2 Rg6 17. h4 h5 18. Bg5
1-0

[Event "Fr. Lopez Sleeps with the Fishes (No 1..e5/1..c5)"]
[Site "SchemingMind.com"]
[Date "2008.05.03"]
[Round "-"]
[White "Toivop"]
[Black "Andreas Flato"]
[Result "1-0"]
[WhiteCountry "EST"]
[BlackCountry "GER"]
[WhiteElo "2164"]
[WhiteRD "91"]
[BlackElo "1931"]
[BlackRD "93"]
[GameID "153318"]

1. e4 e6 2. d4 d5 3. Nd2 Nc6 4. Ngf3 Nf6 5. e5 Nd7 6. Nb3 Be7 7. Bb5 O-O 8. O-O Nb6 9. c3 Bd7 10. Qe2 Qe8
11. Bd3 f5 12. exf6 Bxf6 13. Re1 Be7 14. Nc5 Bxc5 15. dxc5 Nc8 16. Ng5 h6 17. Nxe6 Bxe6 18. Qxe6+ Qxe6 19. Rxe6 N8e7 20. Bd2 Rad8
21. Rae1 Nf5 22. b4 a6 23. Bxa6
1-0

[Event "Fr. Lopez Sleeps with the Fishes (No 1..e5/1..c5)"]
[Site "SchemingMind.com"]
[Date "2008.05.08"]
[Round "-"]
[White "C. H. O'D. Schlechter"]
[Black "Toivop"]
[Result "1-0"]
[WhiteCountry "USA"]
[BlackCountry "EST"]
[WhiteElo "2426"]
[WhiteRD "72"]
[BlackElo "2231"]
[BlackRD "90"]
[GameID "153319"]

1. e4 c6 2. d4 d5 3. e5 Bf5 4. Nc3 h6 5. g4 Bd7 6. Bg2 Na6 7. Nh3 Qc8 8. f3 h5 9. Nf2 hxg4 10. fxg4 Nh6
11. h3 e6 12. Qe2 c5 13. Be3 cxd4 14. Bxd4 Bc5 15. O-O-O Qc7 16. Kb1 O-O-O 17. Qe3 Kb8 18. Ne2 f5 19. Nd3 Bxd4 20. Nxd4 fxg4
21. hxg4 Nc5 22. Nxc5 Qxc5 23. g5 Nf7 24. g6 Nh6 25. Bh3 Rc8 26. c3 Qe7 27. Rdf1 Rcf8 28. Qg3 a6 29. Rf6 Nf5 30. Rxf8+ Qxf8
31. Nxf5 exf5 32. e6+ f4 33. Qg5 Be8 34. e7 Bxg6+ 35. Qxg6 Qxe7 36. Qg1 Qe4+ 37. Ka1 Rh6 38. a3 Qe2 39. Qg2 Qxg2 40. Bxg2 Rxh1+
41. Bxh1 g5 42. Kb1 b5 43. Bxd5 Kc7 44. Bf3 Kd7 45. Kc2 Ke6 46. Kd3 Kf5 47. Bb7 a5 48. Bc6
1-0

[Event "Fr. Lopez Sleeps with the Fishes (No 1..e5/1..c5)"]
[Site "SchemingMind.com"]
[Date "2008.05.08"]
[Round "-"]
[White "Mekk"]
[Black "Toivop"]
[Result "0-1"]
[WhiteCountry "POL"]
[BlackCountry "EST"]
[WhiteElo "1939"]
[WhiteRD "73"]
[BlackElo "2188"]
[BlackRD "92"]
[GameID "153320"]

1. e4 e6 2. d4 d5 3. Nc3 Nf6 4. Bg5 dxe4 5. Nxe4 Nbd7 6. Bxf6 Nxf6 7. Nxf6+ Qxf6 8. c3 Bd7 9. Nf3 O-O-O 10. Qb3 Bc6
11. Ne5 Bd5 12. Bc4 Bxg2 13. Nxf7 Bxh1 14. Bxe6+ Kb8 15. Nxh8 Re8 16. O-O-O Rxe6 17. Rxh1 Qf4+ 18. Kc2 Re2+
0-1

[Event "Fr. Lopez Sleeps with the Fishes (No 1..e5/1..c5)"]
[Site "SchemingMind.com"]
[Date "2008.05.03"]
[Round "-"]
[White "Dr_Pat"]
[Black "Toivop"]
[Result "0-1"]
[WhiteCountry "USA"]
[BlackCountry "EST"]
[WhiteElo "1929"]
[WhiteRD "48"]
[BlackElo "2164"]
[BlackRD "91"]
[GameID "153321"]

1. e4 e6 2. d4 d5 3. e5 c5 4. c3 Nc6 5. Nf3 Bd7 6. Be2 Nge7 7. Na3 cxd4 8. cxd4 Nf5 9. Nc2 Qb6 10. O-O Rc8
11. Bd3 Be7 12. Bg5 Nfxd4 13. Bxe7 Nxf3+
0-1

[Event "Fr. Lopez Sleeps with the Fishes (No 1..e5/1..c5)"]
[Site "SchemingMind.com"]
[Date "2008.05.03"]
[Round "-"]
[White "Andreas Flato"]
[Black "Toivop"]
[Result "0-1"]
[WhiteCountry "GER"]
[BlackCountry "EST"]
[WhiteElo "1931"]
[WhiteRD "93"]
[BlackElo "2164"]
[BlackRD "91"]
[GameID "153322"]

1. e4 c6 2. f4 d5 3. e5 Qa5 4. c3 Nh6 5. Be2 Bf5 6. Bf3 Nd7 7. g4 Be4 8. d3 Bxf3 9. Qxf3 O-O-O 10. a4 e6
11. b4 Qa6 12. Ne2 f6 13. exf6 gxf6 14. Be3 Qxd3 15. O-O a5 16. b5 Nxg4 17. Ba7 Qxf3 18. Rxf3 cxb5 19. axb5 b6 20. Kg2 Bc5
0-1

[Event "Fr. Lopez Sleeps with the Fishes (No 1..e5/1..c5)"]
[Site "SchemingMind.com"]
[Date "2008.05.11"]
[Round "-"]
[White "MotoXRider31"]
[Black "Andreas Flato"]
[Result "0-1"]
[WhiteCountry "USA"]
[BlackCountry "GER"]
[WhiteElo "1874"]
[WhiteRD "68"]
[BlackElo "1820"]
[BlackRD "63"]
[GameID "153778"]

1. e4 e6 2. d4 d5 3. e5 c5 4. Nf3 Qb6 5. Nc3 Nc6 6. dxc5 Bxc5 7. Qd2 Bb4 8. a3 Bxc3 9. Qxc3 d4 10. Qd2 Nge7
0-1

[Event "Fr. Lopez Sleeps with the Fishes (No 1..e5/1..c5)"]
[Site "SchemingMind.com"]
[Date "2008.05.11"]
[Round "-"]
[White "Andreas Flato"]
[Black "MotoXRider31"]
[Result "1-0"]
[WhiteCountry "GER"]
[BlackCountry "USA"]
[WhiteElo "1820"]
[WhiteRD "63"]
[BlackElo "1874"]
[BlackRD "68"]
[GameID "153783"]

1. e4 Nc6 2. d4 e5 3. Nf3 exd4 4. Nxd4 Bc5 5. Nf3 Nf6 6. Nc3 Ng4 7. Be3 Nxe3 8. fxe3 Bxe3 9. Bd3 O-O 10. Qe2 Bb6
11. Nd5
1-0

[Event "Fr. Lopez Sleeps with the Fishes (No 1..e5/1..c5)"]
[Site "SchemingMind.com"]
[Date "2008.05.13"]
[Round "-"]
[White "JasonY1982"]
[Black "C. H. O'D. Schlechter"]
[Result "1/2-1/2"]
[WhiteCountry "USA"]
[BlackCountry "USA"]
[WhiteElo "2072"]
[WhiteRD "68"]
[BlackElo "2426"]
[BlackRD "72"]
[GameID "154040"]

1. e4 c6 2. d4 d5 3. e5 c5 4. c3 Nc6 5. Nf3 Bg4 6. Be2 e6 7. O-O Qb6 8. dxc5 Bxc5 9. b4 Be7 10. Be3 Qc7
11. Nbd2 Nh6 12. Bxh6 gxh6 13. b5 Bxf3 14. bxc6 Bxe2 15. cxb7 Qxb7 16. Qxe2 O-O 17. Rab1 Qc7 18. c4 Rfd8 19. cxd5 Rxd5 20. Nf3 Rc8
21. Qa6 Ra5 22. Qe2 Qc2 23. Rb2 Qxe2=
1/2-1/2

[Event "Fr. Lopez Sleeps with the Fishes (No 1..e5/1..c5)"]
[Site "SchemingMind.com"]
[Date "2008.05.08"]
[Round "-"]
[White "JasonY1982"]
[Black "Toivop"]
[Result "0-1"]
[WhiteCountry "USA"]
[BlackCountry "EST"]
[WhiteElo "2071"]
[WhiteRD "69"]
[BlackElo "2237"]
[BlackRD "91"]
[GameID "154041"]

1. e4 g6 2. d4 e6 3. Nc3 Bg7 4. f4 Nf6 5. Nf3 c5 6. dxc5 O-O 7. e5 Ng4 8. Be2 Na6 9. Ne4 Nxc5 10. Nd6 Nh6
11. Be3 b6 12. Bd3 Nb7 13. Be4 Ng4 14. Nxb7 Bxb7 15. Bxb7 Nxe3 16. Qe2 Rb8 17. Qxe3 Rxb7 18. O-O-O Qc8 19. Ng5 f6 20. Nf3 Qc5
21. Qxc5 bxc5 22. Rhe1 fxe5 23. fxe5 Rf4 24. c3 Kf7 25. Kc2 Ke7 26. h3 h5 27. Re2 Rb8 28. Rde1 Bh6 29. Re4 Rbf8 30. Kd3 Rxf3+
31. gxf3 Rxf3+ 32. Kc4 Rxh3 33. Kxc5 g5 34. R4e2 g4 35. Kd4 Rf3 36. Rh1 Rf5 37. b4 Bg7 38. c4 d6 39. c5 Bxe5+ 40. Ke3 dxc5
41. bxc5 Kd7 42. Kd3 a5 43. Re4 g3 44. Re2 Bc7 45. Rc2 Kc6 46. Rc4 Rf3+ 47. Ke4 g2 48. Rg1 Rf2 49. Ra4 Rf4+
0-1

[Event "Fr. Lopez Sleeps with the Fishes (No 1..e5/1..c5)"]
[Site "SchemingMind.com"]
[Date "2008.05.13"]
[Round "-"]
[White "JasonY1982"]
[Black "Mekk"]
[Result "0-1"]
[WhiteCountry "USA"]
[BlackCountry "POL"]
[WhiteElo "2072"]
[WhiteRD "68"]
[BlackElo "1981"]
[BlackRD "70"]
[GameID "154042"]

1. e4 e6 2. d4 d5 3. Nc3 Nf6 4. e5 Nfd7 5. Nce2 c5 6. c3 Nc6 7. f4 Be7 8. Nf3 O-O 9. Be3 b5 10. Kf2 b4
11. g3 f6 12. Bh3 Nb6 13. dxc5 Nc4 14. exf6 Nxe3 15. Kxe3 Bxc5+ 16. Kd3 Qxf6 17. Kc2 bxc3 18. bxc3 Qg6+ 19. Qd3 Qh5 20. Ng5 a5
21. Bxe6+ Bxe6 22. Nxe6 Rfe8 23. f5 Ne5 24. Qd2 Qxf5+
0-1

[Event "Fr. Lopez Sleeps with the Fishes (No 1..e5/1..c5)"]
[Site "SchemingMind.com"]
[Date "2008.05.08"]
[Round "-"]
[White "JasonY1982"]
[Black "Dr_Pat"]
[Result "1-0"]
[WhiteCountry "USA"]
[BlackCountry "USA"]
[WhiteElo "2084"]
[WhiteRD "63"]
[BlackElo "1937"]
[BlackRD "51"]
[GameID "154043"]

1. e4 Nf6 2. e5 Nd5 3. d4 d6 4. Nf3 Bg4 5. Be2 e6 6. c4 Nb6 7. exd6 cxd6 8. O-O Nc6 9. Nc3 Be7 10. d5 exd5
11. cxd5 Bxf3 12. Bxf3 Ne5 13. Bf4 O-O 14. Re1 Nbd7 15. Be2 Rc8 16. Rc1 Re8 17. Be3 Bg5 18. Bxg5 Qxg5 19. Qd4 Nf6 20. f4
1-0

[Event "Fr. Lopez Sleeps with the Fishes (No 1..e5/1..c5)"]
[Site "SchemingMind.com"]
[Date "2008.05.11"]
[Round "-"]
[White "JasonY1982"]
[Black "Andreas Flato"]
[Result "1-0"]
[WhiteCountry "USA"]
[BlackCountry "GER"]
[WhiteElo "2056"]
[WhiteRD "63"]
[BlackElo "1847"]
[BlackRD "66"]
[GameID "154045"]

1. e4 d6 2. d4 e6 3. f4 Bd7 4. Nf3 Nc6 5. Be3 Be7 6. d5 exd5 7. exd5 Nb8 8. Nc3 Nf6 9. Bc4 O-O 10. O-O h6
11. Qd2 Ng4 12. Bd4 Bf6 13. h3 Bxd4+ 14. Nxd4 Nf6 15. Rae1 a6 16. Ne6 fxe6 17. dxe6 Bxe6 18. Rxe6 Kh8 19. Rfe1 Nc6 20. Nd5 Nh5
21. Qc3 Kh7 22. Bd3+ Kg8 23. Bg6 Qh4 24. Ne7+ Kh8 25. Nf5 Qxf4 26. Rf1 Qg5 27. h4
1-0

[Event "Fr. Lopez Sleeps with the Fishes (No 1..e5/1..c5)"]
[Site "SchemingMind.com"]
[Date "2008.05.13"]
[Round "-"]
[White "C. H. O'D. Schlechter"]
[Black "JasonY1982"]
[Result "1-0"]
[WhiteCountry "USA"]
[BlackCountry "USA"]
[WhiteElo "2426"]
[WhiteRD "72"]
[BlackElo "2072"]
[BlackRD "68"]
[GameID "154046"]

1. e4 e6 2. d4 d5 3. Nc3 Bb4 4. e5 c5 5. a3 Bxc3+ 6. bxc3 Ne7 7. Qg4 Qc7 8. Qxg7 Rg8 9. Qxh7 cxd4 10. Ne2 Nbc6
11. f4 Bd7 12. Qd3 dxc3 13. Nxc3 a6 14. Ne2 Nf5 15. h3 Rc8 16. g4 Nfe7 17. Rb1 Na5 18. Nd4 Ba4 19. Rh2 Nc4 20. g5 Nc6
21. Nxc6 Bxc6 22. h4 Bb5 23. Qg3 Qa5+ 24. Rb4 Qc7 25. h5 Qe7 26. h6 Bc6 27. f5 Rc7 28. Bxc4 dxc4 29. h7 Rh8 30. g6
1-0

[Event "Fr. Lopez Sleeps with the Fishes (No 1..e5/1..c5)"]
[Site "SchemingMind.com"]
[Date "2008.05.08"]
[Round "-"]
[White "Toivop"]
[Black "JasonY1982"]
[Result "1-0"]
[WhiteCountry "EST"]
[BlackCountry "USA"]
[WhiteElo "2221"]
[WhiteRD "87"]
[BlackElo "2084"]
[BlackRD "63"]
[GameID "154047"]

1. e4 e6 2. d4 d5 3. Nc3 Bb4 4. e5 c5 5. a3 Bxc3+ 6. bxc3 Ne7 7. Nf3 Qc7 8. a4 b6 9. Bb5+ Bd7 10. O-O O-O
11. Ng5 h6 12. Nh3 Bxb5 13. axb5 Nd7 14. Qe2 Nf5 15. g4 Ne7 16. Be3 Rfc8 17. Nf4 cxd4 18. Bxd4 Qc4 19. Qxc4 Rxc4 20. Nd3 Nc5
21. Nb2 Rxd4 22. cxd4 Ne4 23. c4 Nd2 24. Rfd1 Nxc4 25. Nxc4 dxc4 26. Rdc1 Nd5 27. Rxc4 Kh7 28. Rca4 Nc3 29. Rxa7 Rxa7 30. Rxa7 Nxb5
31. Rxf7 Nxd4 32. Kg2 Nc6 33. f4
1-0

[Event "Fr. Lopez Sleeps with the Fishes (No 1..e5/1..c5)"]
[Site "SchemingMind.com"]
[Date "2008.05.13"]
[Round "-"]
[White "Mekk"]
[Black "JasonY1982"]
[Result "1/2-1/2"]
[WhiteCountry "POL"]
[BlackCountry "USA"]
[WhiteElo "1948"]
[WhiteRD "69"]
[BlackElo "2071"]
[BlackRD "69"]
[GameID "154048"]

1. e4 d6 2. d4 Nf6 3. Bd3 g6 4. Bg5 Bg7 5. Qd2 h6 6. Be3 Ng4 7. Nf3 Nxe3 8. fxe3 O-O 9. O-O Nd7 10. Nc3 c5
11. Ne2 a6 12. c3 b6 13. a4 Bb7 14. a5 b5 15. b4 cxb4 16. cxb4 Rc8 17. Rac1 e6 18. Rxc8 Qxc8 19. Rc1 Qb8 20. Rc2 Rc8
21. Qc1 Rxc2 22. Qxc2 Qc8 23. Kf2 Qxc2 24. Bxc2 Nb8 25. Nc1 d5 26. e5 Bf8 27. Nd3 Nd7 28. Ke2 Be7 29. Kd2 Kf8=
1/2-1/2

[Event "Fr. Lopez Sleeps with the Fishes (No 1..e5/1..c5)"]
[Site "SchemingMind.com"]
[Date "2008.05.08"]
[Round "-"]
[White "Dr_Pat"]
[Black "JasonY1982"]
[Result "0-1"]
[WhiteCountry "USA"]
[BlackCountry "USA"]
[WhiteElo "1929"]
[WhiteRD "48"]
[BlackElo "2054"]
[BlackRD "63"]
[GameID "154049"]

1. e4 d6 2. d4 Nf6 3. Nc3 g6 4. Nf3 Bg7 5. Be2 O-O 6. O-O c6 7. a4 a5 8. h3 Na6 9. Be3 Nb4 10. Nd2 Qc7
11. Ncb1 c5
0-1

[Event "Fr. Lopez Sleeps with the Fishes (No 1..e5/1..c5)"]
[Site "SchemingMind.com"]
[Date "2008.05.12"]
[Round "-"]
[White "Andreas Flato"]
[Black "JasonY1982"]
[Result "0-1"]
[WhiteCountry "GER"]
[BlackCountry "USA"]
[WhiteElo "1847"]
[WhiteRD "66"]
[BlackElo "2056"]
[BlackRD "63"]
[GameID "154051"]

1. e4 e6 2. Nf3 c5 3. d3 Nc6 4. Be2 d5 5. exd5 exd5 6. O-O Nf6 7. Bg5 Be7 8. Nc3 Be6 9. a3 O-O 10. d4 c4
11. Re1 Re8 12. h3 h6 13. Bh4 Qb6 14. Rb1 a6 15. Qd2 Qc7 16. Bg3 Bd6 17. Bxd6 Qxd6 18. Ne5 Ne4 19. Nxe4 dxe4 20. Nxc6 Qxc6
21. c3 Bd5 22. Qe3 Rad8 23. g4 Rd6 24. Bf1 Qd7 25. Bg2 f5 26. gxf5 Qxf5 27. Qg3 Rg6 28. Qh2 e3
0-1